000
00274nam a2200109Ia 4500
008
220204s9999 xx 000 0 und d
082
_a
543.544
_b
STA
245
0
_a
Thin layer chromatography
260
_a
New york
_b
Springer Verlag
_c
1969
700
_a
Stahl, Egon
942
_c
BK
999
_c
25628
_d
25628